00796nam a22002177a 4500999001900000010001500019020003100034035001400065037001300079082001200092100002000104245006500124250003500189260004100224270006500265300002900330500004000359700001900399942003400418952012600452 c166469d166469 aENG-126069 a978-93-8472-665-2c1295.00 aEN-109601 bDBAD?PUB a621.992 aVenkataraman,K. aDesign of Jigs, Fixtures and Press Tools /cbyK.Venkataraman aSecond EditionbK.Venkataraman aNew DelhibAne Books Pvt. Ltd.c2018 a4821, Parwana Bhawan, 1st floor, 24 Ansari Road, Darya Ganj. avarious pagesc25cm (hb) aits includes index and bibliography aK.Venkataraman 2ddccENeSecondh621.992mVEN 001040708NFICaBL4bBL4d2019-07-24eDBAD/PUBg1295.00l0o621.992 VENpEN-109601r2019-07-24 00:00:00t1v1295.00yEN